| Tag |
First Indicator |
Second Indicator |
Subfields |
| LEADER |
00000cam a2200000Ia 4500 |
| 001 |
in00002080310 |
| 005 |
20151102122104.0 |
| 008 |
930618s1969 mdua b 000 0 eng d |
| 035 |
|
|
|a (OCoLC)ocm28299598
|
| 040 |
|
|
|a OLA
|c OLA
|d TXA
|d UtOrBLW
|
| 049 |
|
|
|a TXAM
|
| 086 |
0 |
|
|a C 52.15/2:WBTM TDL 20
|
| 090 |
|
|
|a QC851.U6
|b T3 no.20
|
| 100 |
1 |
|
|a Bermowitz, Robert J.
|
| 245 |
1 |
2 |
|a A comparison of two methods of reducing truncation error /
|c Robert J. Bermowitz.
|
| 264 |
|
1 |
|a Silver Spring, Md. :
|b U.S. Dept. of Commerce, Environmental Science Services Administration, Weather Bureau, Office of Systems Development, Techniques Development Laboratory,
|c [1969]
|
| 300 |
|
|
|a ii, 7 pages :
|b 1 illustration ;
|c 27 cm.
|
| 336 |
|
|
|a text
|b txt
|2 rdacontent
|
| 337 |
|
|
|a unmediated
|b n
|2 rdamedia
|
| 338 |
|
|
|a volume
|b nc
|2 rdacarrier
|
| 490 |
1 |
|
|a ESSA technical memorandum WBTM TDL ;
|v 20
|
| 500 |
|
|
|a "May 1969."
|
| 504 |
|
|
|a Includes bibliographical references (page 7).
|
| 650 |
|
0 |
|a Numerical weather forecasting.
|
| 650 |
|
0 |
|a Atmospheric waves.
|
| 710 |
1 |
|
|a United States.
|b Environmental Science Services Administration. Techniques Development Laboratory.
|
| 830 |
|
0 |
|a ESSA technical memorandum WBTM TDL ;
|v 20.
|
| 994 |
|
|
|a C0
|b TXA
|
| 999 |
|
|
|a MARS
|
| 999 |
f |
f |
|s c2f2985e-efcc-3308-8540-9ba5c6d619e7
|i 48c1ac60-3559-327f-8acc-ddb083311023
|t 0
|
| 952 |
f |
f |
|p normal
|a Texas A&M University
|b College Station
|c Sterling C. Evans Library
|d Evans: US Documents (Annex 5th floor)
|t 0
|e C 52.15/2:WBTM TDL 7-
|h Superintendent of Documents classification
|i unmediated -- volume
|m A14832385174
|
| 952 |
f |
f |
|a Texas A&M University
|b College Station
|c Sterling C. Evans Library
|d Evans: US Documents (Annex 5th floor)
|t 0
|e C 52.15/2:WBTM TDL 7-
|h Superintendent of Documents classification
|
| 998 |
f |
f |
|a C 52.15/2:WBTM TDL 7-
|s 7-9,11-17,19-20,22-24
|t 0
|l Evans: US Documents (Annex 5th floor)
|